| 000 | 00549nam a2200217 a 4500 | ||
|---|---|---|---|
| 001 | BRCA_3999 | ||
| 005 | 20190320204516.0 | ||
| 008 | 160110s1961----nyu#######---#000-0#eng-# | ||
| 041 | _aeng | ||
| 044 | _anyu | ||
| 050 | 4 |
_aPZ3 _b.P46 1961 |
|
| 100 | 1 |
_aPentecost, Hugh. _910402 |
|
| 245 | 1 | 0 |
_aThe Deadly Friend _cHugh Pentecost. |
| 260 |
_aNueva York _bDodd, Mead & Co. _c1961 |
||
| 300 |
_a181 p. _c21 cm. |
||
| 440 | 0 |
_aRed badge detective _910403 |
|
| 500 | _aCEF9 | ||
| 650 | 1 | 4 |
_aNovelas policĂacas _9877 |
| 902 | _aGFM | ||
| 942 |
_2lcc _cB |
||
| 999 |
_c3725 _d3725 |
||